| 000 | 00753nam a2200229 a 4500 | ||
|---|---|---|---|
| 003 | 0 | ||
| 005 | 20170425150304.0 | ||
| 008 | 000904s19uu xx 00 eng d | ||
| 020 | _a0-89565-277-3 | ||
| 050 |
_aTR(PS E _bM74 1991 |
||
| 100 | _aMoncure, Jane Belk | ||
| 245 |
_aMy "b" book / _cby Jane Belk Moncure ; illustrated by Linda Hohag. |
||
| 250 | _aRev. ed. My "b" sound box (c1977) | ||
| 260 |
_aChicago, Illinois : _bThe Child's World, _c1984. |
||
| 300 | _a32 p. ; ill. | ||
| 440 | _aMy First Steps to Reading (a-z) | ||
| 520 | _aLittle b goes for a walk and finds many things that begin with the letter "b" to put in her box. | ||
| 650 | _aChildren's stories, American | ||
| 650 | _aAlphabet | ||
| 942 |
_2ddc _cBK |
||
| 999 |
_c103031 _d103031 |
||